Largest Cities in Sweden per Province - Statistics

General Stats
  • This quiz has been taken 73 times
  • The average score is 18 of 25
Answer Stats
Population Landskap City % Correct
317,000 Skåne Malmö
96%
160,000 Uppland Uppsala
94%
97,000 Småland Jönköping
90%
24,000 Gotland Visby
90%
16,000 Lappland Kiruna
88%
48,000 Norrbotten Luleå
86%
88,000 Västerbotten Umeå
86%
76,000 Gästrikland Gävle
84%
120,000 Närke Örebro
84%
64,000 Värmland Karlstad
82%
113,000 Östergötland Linköping
82%
58,000 Medelpad Sundsvall
82%
52,000 Jämtland Östersund
80%
69,000 Halland Halmstad
78%
126,000 Västmanland Västerås
76%
72,000 Västergötland Borås
70%
43,000 Dalarna Borlänge
70%
37,000 Blekinge Karlskrona
68%
73,000 Södermanland Södertälje
68%
9,000 Dalsland Åmål
56%
33,000 Ångermanland Örnsköldsvik
56%
2,500 Härjedalen Sveg
54%
36,000 Bohuslän Uddevalla
50%
16,000 Hälsingland Hudiksvall
44%
5,800 Öland Färjestaden
34%
No matching quizzes found
Score Distribution
Percent of People with Each Score
Percentile by Number Answered
Your Score History
You have not taken this quiz